00273nam a2200121Ia 4500008004100000100001400041245002500055260002600080300000800106650001300114942000700127999001700134190216s9999||||xx |||||||||||||| ||und|| aAbbas K A 0aRosapoovum Gothambum bPoorna Pubs Kozhikode a123 aKathakal cBK c27025d27025